<?xml version="1.0" encoding="UTF-8"?><?xml-stylesheet type="text/xsl" href="static/style.xsl"?><OAI-PMH xmlns="http://www.openarchives.org/OAI/2.0/" xmlns:xsi="http://www.w3.org/2001/XMLSchema-instance" xsi:schemaLocation="http://www.openarchives.org/OAI/2.0/ http://www.openarchives.org/OAI/2.0/OAI-PMH.xsd"><responseDate>2026-04-17T02:36:26Z</responseDate><request verb="GetRecord" identifier="oai:www.recercat.cat:2072/480649" metadataPrefix="marc">https://recercat.cat/oai/request</request><GetRecord><record><header><identifier>oai:recercat.cat:2072/480649</identifier><datestamp>2025-08-31T17:44:38Z</datestamp><setSpec>com_2072_98</setSpec><setSpec>col_2072_378192</setSpec></header><metadata><record xmlns="http://www.loc.gov/MARC21/slim" xmlns:dcterms="http://purl.org/dc/terms/" xmlns:xsi="http://www.w3.org/2001/XMLSchema-instance" xmlns:doc="http://www.lyncode.com/xoai" xsi:schemaLocation="http://www.loc.gov/MARC21/slim http://www.loc.gov/standards/marcxml/schema/MARC21slim.xsd">
   <leader>00925njm 22002777a 4500</leader>
   <datafield ind2=" " ind1=" " tag="042">
      <subfield code="a">dc</subfield>
   </datafield>
   <datafield ind2=" " ind1=" " tag="720">
      <subfield code="a">Lopes, Paulo</subfield>
      <subfield code="e">author</subfield>
   </datafield>
   <datafield ind2=" " ind1=" " tag="720">
      <subfield code="a">Fontes, João Luís</subfield>
      <subfield code="e">author</subfield>
   </datafield>
   <datafield ind2=" " ind1=" " tag="260">
      <subfield code="c">2024</subfield>
   </datafield>
   <datafield ind2=" " ind1=" " tag="520">
      <subfield code="a">The recent edition of the Carteggio (epistolary) of the abbot Gomes Eanes, from the monastery of Saint Mary of Florence is the pretext to revisit the failed project of introducing the Benedictine observance in Portugal, along with the abbot's participation in the attempts, supported by kings João I (r. 1385-1433) and Duarte (r. 1433-1439), to develop an ecclesiastical reform in the Portuguese realm. A project where the Portuguese kings, the abbot of Florence and the abbot of Alcobaça take an important role, along with the archbishop of Braga, showing different perspectives on religious reform, the resources used to the attempt to introduce Benedictine observance and the obstacles due to a tense relation between the Portuguese monarchs and the Church. At the end, it intends to contribute to the discussion on the historical dynamics linked to the search of religious renewal in late Middle Ages, its connection to wider nets of personal relations and the circulation of people and texts, but also the several forms of resistance to such movements.</subfield>
   </datafield>
   <datafield ind2=" " ind1=" " tag="520">
      <subfield code="a">La recent edició del "Carteggio" (epistolari) de l'abat Gomes Eanes, del monestir de Santa Maria de Florència, serveix com a pretext per tal de revisitar el fallit projecte de reforma de l'ordre benedictina a Portugal. A més, s'analitza la participació de l'abat en els intents, recolzats pels reis João I (r. 1385-1433) i Duarte (r. 1433-1439), de promoure la reforma eclesiàstica dins del regne portuguès. En aquest projecte, els reis portuguesos, l'abat de Florència i l'abat d'Alcobaça van desenvolupar papers fonamentals, juntament amb l'arquebisbe de Braga. La recerca afronta les diferents perspectives sobre la reforma religiosa, els recursos emprats per tal d'intentar introduir l'observança benedictina i els obstacles derivats de la tensa relació entre els monarques portuguesos i l'Església. En darrera instància, l'estudi busca contribuir al debat sobre les dinàmiques històriques relacionades amb la cerca de renovació religiosa a la baixa edat mitjana, la seva connexió amb xarxes més àmplies de relacions personals i de circulació de persones i textos, així com les diverses formes de resistència respecte d'aquests moviments.</subfield>
   </datafield>
   <datafield ind2=" " ind1=" " tag="520">
      <subfield code="a">La reciente edición del Carteggio (epistolario) del abad Gomes Eanes, del Monasterio de Santa María de Florencia, sirve como pretexto para revisitar el fallido proyecto de reforma de la Orden Benedictina en Portugal. Además, se analiza la participación del abad en los intentos, respaldados por los reyes João I (r. 1385-1433) y Duarte (r. 1433-1439), de promover la reforma eclesiástica en el reino portugués. En este proyecto, los reyes portugueses, el abad de Florencia y el abad de Alcobaça desempeñaron papeles fundamentales, junto con el arzobispo de Braga. La investigación aborda las distintas perspectivas sobre la reforma religiosa, los recursos empleados para intentar introducir la observancia benedictina y los obstáculos derivados de la tensa relación entre los monarcas portugueses y la Iglesia. En última instancia, el estudio busca contribuir al debate sobre las dinámicas históricas relacionadas con la búsqueda de renovación religiosa en la Baja Edad Media, su conexión con redes más amplias de relaciones personales y de circulación de personas y textos, así como las diversas formas de resistencia frente a estos movimientos.</subfield>
   </datafield>
   <datafield tag="653" ind2=" " ind1=" ">
      <subfield code="a">Gomes Eanes</subfield>
   </datafield>
   <datafield tag="653" ind2=" " ind1=" ">
      <subfield code="a">Carteggio</subfield>
   </datafield>
   <datafield tag="653" ind2=" " ind1=" ">
      <subfield code="a">Epistolography</subfield>
   </datafield>
   <datafield tag="653" ind2=" " ind1=" ">
      <subfield code="a">Late medieval portugal</subfield>
   </datafield>
   <datafield tag="653" ind2=" " ind1=" ">
      <subfield code="a">Ecclesiastical reform</subfield>
   </datafield>
   <datafield tag="653" ind2=" " ind1=" ">
      <subfield code="a">Benedictine observance</subfield>
   </datafield>
   <datafield tag="653" ind2=" " ind1=" ">
      <subfield code="a">Relation between the portuguese Crown and the Church</subfield>
   </datafield>
   <datafield tag="653" ind2=" " ind1=" ">
      <subfield code="a">Epistolografía</subfield>
   </datafield>
   <datafield tag="653" ind2=" " ind1=" ">
      <subfield code="a">Portugal bajomedieval</subfield>
   </datafield>
   <datafield tag="653" ind2=" " ind1=" ">
      <subfield code="a">Reforma eclesiástica</subfield>
   </datafield>
   <datafield tag="653" ind2=" " ind1=" ">
      <subfield code="a">Observancia benedictina</subfield>
   </datafield>
   <datafield tag="653" ind2=" " ind1=" ">
      <subfield code="a">Relación entre la Corona portuguesa y la Iglesia</subfield>
   </datafield>
   <datafield tag="653" ind2=" " ind1=" ">
      <subfield code="a">Epistolografia</subfield>
   </datafield>
   <datafield tag="653" ind2=" " ind1=" ">
      <subfield code="a">Portugal baixmedieval</subfield>
   </datafield>
   <datafield tag="653" ind2=" " ind1=" ">
      <subfield code="a">Reforma eclesiàstica</subfield>
   </datafield>
   <datafield tag="653" ind2=" " ind1=" ">
      <subfield code="a">Observança benedictina</subfield>
   </datafield>
   <datafield tag="653" ind2=" " ind1=" ">
      <subfield code="a">Relació entre la corona portuguesa i l'església</subfield>
   </datafield>
   <datafield ind2="0" ind1="0" tag="245">
      <subfield code="a">Revisiting D. Gomes Eanes epistolography : hesitations and difficulties on a project of religious reform</subfield>
   </datafield>
</record></metadata></record></GetRecord></OAI-PMH>